| 000 | 00000nam##2200000za#4500 |
| 001 | 9.568252 |
| 003 | CaOODSP |
| 005 | 20240215150447 |
| 007 | cr ||||||||||| |
| 008 | 150406|1997||||xxc|||||o f|0| 0 eng|d |
| 040 | |aCaOODSP|beng |
| 043 | |an-cn--- |
| 086 | 1 |aPS83-3/61E-PDF |
| 110 | 2 |aCorrectional Service Canada. |
| 245 | 10|aAboriginal offender survey : |h[electronic resource]|bcase files & interview sample / |c[by] Joseph C. Johnston. |
| 260 | |bCorrectional Service Canada |cSeptember 1997. |
| 300 | |a76p.|breferences, tables |
| 490 | 1 |aResearch report|vR-61 |
| 590 | |a10-12-Supp|b2010-11-18 |
| 720 | 1 |aJohnston, Joseph C. |
| 775 | 08|tEnquête sur les délinquants autochtones : |w(CaOODSP)9.599542 |
| 830 | #0|aResearch report (Correctional Service Canada. Research Branch)|vR-61|w(CaOODSP)9.506063 |
| 856 | 40|ahttp://publications.gc.ca|qPDF|s189 KB|uhttps://publications.gc.ca/collections/collection_2010/scc-csc/PS83-3-61-eng.pdf|yR-61 |